| 000 | 00864nam a22002897a 4500 | ||
|---|---|---|---|
| 001 | 8259 | ||
| 003 | FISKH | ||
| 005 | 20250905105456.0 | ||
| 008 | 250905b cb ||||| |||| 00| 0 eng d | ||
| 020 | _a9780516454580 | ||
| 040 |
_aFISKH _beng _cFISKH _dFISKH |
||
| 050 | _aQA248.P58 | ||
| 082 | _a511.32 | ||
| 100 | _aPluckrose, Henry | ||
| 245 |
_aSorting / _cBy Henry Pluckrose ; Mathematics Consultant: Ramona G.Choos, Professor of Mathematics |
||
| 250 | _aThis edition first published in 1994 | ||
| 260 |
_aLondon : _bChildren, _c1994 |
||
| 300 |
_a31 pages : _bcolor illustrations ; _c22 cm |
||
| 505 | _aL | ||
| 520 | _aExplains to the reader about mathematical sorting"-- | ||
| 521 | 8 |
_a510
_bLexile |
|
| 521 | 8 |
_aL
_bRaz-Plus |
|
| 650 |
_2Sorting _aClassification |
||
| 650 |
_2Math _aGrouping |
||
| 942 |
_2ddc _cBK _n0 |
||
| 999 |
_c8259 _d8259 |
||